[Event "12th Open"]
[Site "Zadar CRO"]
[Date "2005.12.17"]
[Round "8"]
[White "Nikolov,M"]
[Black "Palac,M"]
[Result "1/2-1/2"]
[WhiteElo "2435"]
[BlackElo "2571"]

1.d4 Nf6 2.Bg5 c5 3.Bxf6 gxf6 4.d5 Qb6 5.Qc1 f5 6.c4 Qb4+ 7.Nd2 Bg7 8.Rb1 d6
9.Qc2 Qa5 10.a3 e6 11.e3 Nd7 12.Ne2 a6 13.Nf4 Nf6 14.Bd3 O-O 15.O-O Bd7 16.b4 Qc7
17.bxc5 dxc5 18.Qb3 e5 19.Ne2 e4 20.Bc2 b5 21.Rfc1 bxc4 22.Nxc4 Nxd5 23.Qa2 Be6
24.Bb3 f4 25.Nd2 fxe3 26.Nxe4 exf2+ 27.Nxf2 Rad8 28.Ne4 Qe5 29.Nxc5 Bf5 30.Nxa6 Bxb1
31.Rxb1 Nf6 32.Ng3 Qe3+ 33.Qf2 Qd3 34.Qf1 Qd4+ 35.Kh1 Ng4 36.Nf5 Qe5 37.Ng3 Rd2
38.Qf3 Nf2+ 39.Kg1 Qd6 40.Nf5 Qxa6 41.Nxg7 Qa7 42.Nf5 Ng4+ 43.Kh1 Nf2+ 44.Kg1 Nd3+
45.Kh1 Kh8 46.h3 Nf2+ 47.Kh2 Qc7+ 48.Kg1 Rg8 49.Ne3 Qf4 50.Qxf4 Nxh3+ 51.Kh1 Nxf4
52.Bxf7 Rf8 53.Bc4 Re8 54.Rb3 Re4 55.Bb5 Nh5 56.Kg1 Kg7 57.a4 Ra2 58.Rc3 Nf6
59.Bc6 Ra1+ 60.Kf2 Rf4+ 61.Ke2 Kg6 62.Nc4 Ra2+ 63.Kd3 Ng4 64.Rc1 Kf6 65.Kc3 Ne5
66.Kb3 Rff2 67.Nxe5 Kxe5 68.Kb4 Kd6 69.Bf3 Rfb2+ 70.Ka5 Rc2 71.Rd1+ Kc7 72.Rh1 Rc4
73.Rxh7+ Kd8 74.Rh5 Rcxa4+ 75.Kb6 Ra6+ 76.Kc5 R6a5+ 77.Kd4 Rxh5 78.Bxh5 Rxg2
79.Bf3 Rh2 80.Ke5 Ke7 81.Be4 Rd2 82.Bd5 Rb2 83.Bc4 Rb4 84.Bd3 Rh4 85.Bg6 Rg4
86.Be4 Rg5+ 87.Kd4 Kd6 88.Bf3 Rf5 89.Be2 Rf4+ 90.Kc3 Kc5 91.Bd1 Rc4+ 92.Kb2 Kb4
93.Bc2 Rf4 94.Bb1 Rf2+ 95.Ka1 Ka3 96.Bg6 Ra2+ 97.Kb1 Rb2+ 98.Ka1 Ra2+ 99.Kb1 Rg2
100.Bf5 Rg1+ 101.Kc2 Kb4 102.Kd3 Rg4  1/2-1/2

[Event "Masters"]
[Site "Berkeley USA"]
[Date "2005.12.18"]
[Round "3"]
[White "Ehlvest,J"]
[Black "De Guzman,R"]
[Result "1-0"]
[WhiteElo "2618"]
[BlackElo "2383"]

1.d4 Nf6 2.Bg5 d5 3.e3 Nbd7 4.Nf3 c5 5.c3 g6 6.Be2 Bg7 7.O-O O-O 8.Nbd2 Re8
9.a4 h6 10.Bh4 e5 11.a5 Qc7 12.Qa4 Re6 13.Qa2 Ne4 14.Nxe4 dxe4 15.Nxe5 Nxe5
16.dxe5 Bxe5 17.Bg3 Re7 18.Rfd1 Be6 19.Bxe5 Qxe5 20.Bc4 Kg7 21.Bxe6 fxe6
22.Qc4 Rf8 23.Rd2 Ref7 24.Ra4 Qh5 25.g3 Rxf2 26.Rxf2 Rxf2 27.Kxf2 Qxh2+ 28.Kf1 Qh1+
29.Ke2 Qh2+ 30.Kd1 Qh1+ 31.Kd2 Qh2+ 32.Kc1 Qh1+ 33.Kc2 Qh2+ 34.Kb1  1-0

[Event "5th Amplico AIG Life"]
[Site "Warsaw POL"]
[Date "2005.12.18"]
[Round "9"]
[White "Stryjecki,M"]
[Black "Kozak,Ma"]
[Result "1-0"]
[WhiteElo "2420"]
[BlackElo "2189"]

1.d4 Nf6 2.Bg5 d5 3.Bxf6 exf6 4.e3 Bd6 5.c4 dxc4 6.Bxc4 O-O 7.Nc3 c6 8.Nge2 f5
9.O-O Nd7 10.Qc2 Nf6 11.Rad1 Bxh2+ 12.Kxh2 Ng4+ 13.Kg3 Qd6+ 14.Nf4 g5 15.Rh1 Re8
16.Rh5 h6 17.Ne2 Bd7 18.Qb3 Re7 19.Qa3 Qf6 20.Kf3 Rae8 21.Rd3 Re4 22.g3 gxf4
23.Nxf4 b5 24.Bb3 Qg7 25.Qd6 Nxf2 26.Kxf2 Qg4 27.Bxf7+ Kxf7 28.Qxd7+ R8e7
29.Qxf5+  1-0

[Event "5th Amplico AIG Life"]
[Site "Warsaw POL"]
[Date "2005.12.18"]
[Round "10"]
[White "Zielinska,Mar"]
[Black "Vedrickas,T"]
[Result "1/2-1/2"]
[WhiteElo "2398"]
[BlackElo "2147"]

1.d4 Nf6 2.Bg5 g6 3.Bxf6 exf6 4.e3 Bg7 5.g3 O-O 6.Bg2 f5 7.Ne2 d6 8.Nd2 Nd7
9.c3 Nf6 10.Qb3 c6 11.c4 Re8 12.Nc3 Qe7 13.O-O h5 14.h4 Ng4 15.Nf3 Rb8 16.Rfe1 Qc7
17.Rad1 a6 18.Ne2 b5 19.cxb5 Rxb5 20.Qc2 c5 21.Nc3 Rb8 22.Nd5 Qa5 23.b3 Bb7
24.dxc5 dxc5 25.Nd2 Bxd5 26.Bxd5 Rbd8 27.Nf3 Bh6 28.Qc4 Qc7 29.Ng5 Bxg5 30.hxg5 h4
31.Qf4 Qa5 32.Rf1 hxg3 33.Qxg3 Re7 34.e4 Red7 35.Qf4 Qb4 36.a3 Qc3 37.Kg2 Kg7
38.Rh1 Qe5 39.Qf3 fxe4 40.Qxg4 Rxd5 41.Rde1 Qxg5 42.Rxe4 Re8 43.Rc4 Qxg4+
44.Rxg4 Rf5 45.Ra4 Re2 46.Rf1 Rb2 47.b4 cxb4 48.Rxb4 Ra2 49.Ra4 a5 50.Kg3 Kf6
51.f3 Rb2 52.f4 Rc5 53.Rf3 Rcc2 54.Rd3 Rc5  1/2-1/2

[Event "5th Amplico AIG Life"]
[Site "Warsaw POL"]
[Date "2005.12.18"]
[Round "11"]
[White "Zielinska,Mar"]
[Black "Szwed,J"]
[Result "1/2-1/2"]
[WhiteElo "2398"]
[BlackElo "2215"]

1.d4 Nf6 2.Bg5 c5 3.Bxf6 exf6 4.d5 d6 5.c4 g6 6.Nc3 Bg7 7.Qc2 O-O 8.e3 Na6
9.a3 Bd7 10.Bd3 Nc7 11.Nge2 a6 12.b4 b5 13.O-O f5 14.Rab1 Rb8 15.bxc5 dxc5
16.d6 Ne8 17.cxb5 Nxd6 18.bxa6 c4 19.a7 Rxb1 20.Rxb1 Qa5 21.Qd2 cxd3 22.Qxd3 Qxa3
23.Rd1 Nb5 24.Qxd7 Nxc3 25.Nxc3 Qxc3 26.Qe7 Qa5 27.Rb1 Qa2 28.Qb7 Bf6 29.g3 Kg7
30.Rb6 Qa5 31.Ra6 Qe1+ 32.Kg2 h5 33.h4 Qd2 34.a8=Q Rxa8 35.Rxa8 Qd3 36.Qc8 Kh6
37.Kg1 Qd1+ 38.Kh2 Qd2 39.Kg1 Qd1+ 40.Kg2 Qd5+ 41.Kg1 Qd1+ 42.Kg2  1/2-1/2

[Event "IV Memorial Pereyra Puebla"]
[Site "Mendoza ARG"]
[Date "2005.12.22"]
[Round "9"]
[White "Cordova,Em"]
[Black "Rosito,J"]
[Result "1/2-1/2"]
[WhiteElo "2434"]
[BlackElo "2416"]

1.d4 Nf6 2.Bg5 g6 3.Bxf6 exf6 4.e3 Bg7 5.Nd2 d6 6.g3 O-O 7.Bg2 Re8 8.Ne2 f5
9.O-O c6 10.c4 Nd7 11.Qc2 Nf6 12.b4 Qe7 13.c5 d5 14.a4 Ne4 15.b5 g5 16.Rab1 Be6
17.Nxe4 fxe4 18.bxc6 bxc6 19.Rb3 Qc7 20.Rfb1 Rab8 21.Qb2 Rxb3 22.Qxb3 f5
23.Qb7 Rc8 24.a5 Bf6 25.a6 Bd8 26.Bf1 Kf7 27.Nc3 Ke7 28.Qxc7+ Rxc7  1/2-1/2

[Event "14th Donau Open"]
[Site "Aschach AUT"]
[Date "2005.12.28"]
[Round "4"]
[White "Zwettler,M"]
[Black "Praxmarer,C"]
[Result "1-0"]
[WhiteElo "2218"]
[BlackElo "2117"]

1.d4 Nf6 2.Bg5 d5 3.e3 Bf5 4.Bxf6 exf6 5.Bd3 Be6 6.Nd2 f5 7.Qf3 Qf6 8.Ne2 g5
9.g4 h5 10.gxf5 g4 11.Qg2 Bd7 12.Qxd5 Nc6 13.Ne4 Qh6 14.f6 Be6 15.Qb5 O-O-O
16.N2c3 Bb4 17.Qg5 Bd5 18.Qxh6 Rxh6 19.O-O Bxc3 20.bxc3 Bxe4 21.Bxe4 Rxf6
22.f3 Re8 23.Rae1 Na5 24.Bd3 gxf3 25.Kf2 Nc6 26.Rg1 Ne7 27.e4 Rf4 28.Rg3 Rh4
29.h3 f5 30.exf5 Kd8 31.f6 Rf4 32.fxe7+ Rxe7 33.Rxe7  1-0

[Event "Open A"]
[Site "Bethune FRA"]
[Date "2005.12.28"]
[Round "4"]
[White "Debailleul,P"]
[Black "Simon,O"]
[Result "0-1"]
[WhiteElo "1984"]
[BlackElo "2315"]

1.d4 Nf6 2.Bg5 c5 3.d5 Ne4 4.Bf4 Qb6 5.Qc1 c4 6.e3 Qa5+ 7.Nd2 c3 8.bxc3 Qxd5
9.Nxe4 Qxe4 10.Nf3 Nc6 11.Bd3 Qa4 12.O-O d6 13.e4 e5 14.Be3 Be7 15.Nd2 Qa5
16.Nc4 Qc7 17.f4 exf4 18.Bxf4 Be6 19.Rb1 O-O 20.Ne3 Bf6 21.Nd5 Bxd5 22.exd5 Na5
23.Qe1 Rfe8 24.Qg3 Be5 25.Qh3 g6 26.Bd2 Rac8 27.Rf3 Rf8 28.Kh1 Rce8 29.Qh4 f5
30.c4 b6 31.Bxa5 bxa5 32.Rbf1 Re7 33.g4 f4 34.g5 Qc5 35.Rh3 Qd4 36.Qg4 Rfe8
37.Rhf3 Qb2 38.a3 Qb7 39.h4 Rg7 40.h5 Qc8 41.Qh4 Qd8 42.hxg6 hxg6 43.Rh3 Kf7
44.Bxg6+ Rxg6 45.Qh7+ Rg7 46.Qf5+ Kg8 47.g6 Qf6  0-1

[Event "Xstrata ch-AUS 2006"]
[Site "Brisbane AUS"]
[Date "2005.12.30"]
[Round "3"]
[White "Obst,J"]
[Black "Chandler,M"]
[Result "0-1"]
[WhiteElo "2048"]
[BlackElo "2537"]

1.d4 Nf6 2.Bg5 c5 3.d5 Ne4 4.Bc1 g6 5.f3 Nd6 6.e4 Bg7 7.c3 f5 8.exf5 Nxf5
9.Bd3 e5 10.dxe6 Qh4+ 11.Kf1 dxe6 12.Qe1 Qd8 13.Bb5+ Nc6 14.Na3 O-O 15.Be3 Qb6
16.Bf2 a6 17.Bxc6 Qxc6 18.g4 Nd6 19.Qe3 b6 20.Rd1 Nf7 21.h4 Ne5 22.Rh3 h6
23.Rg3 Bb7 24.f4 Qa4 25.Rd6 Rxf4 26.Rxb6 Qd1+ 27.Qe1 Rxf2+ 28.Kxf2 Rf8+  0-1

[Event "8th Hilton Schachfestival"]
[Site "Basel SUI"]
[Date "2006.01.03"]
[Round "3"]
[White "Peredy,F"]
[Black "Nuri,Kam"]
[Result "1-0"]
[WhiteElo "2343"]
[BlackElo "2116"]

1.d4 Nf6 2.Bg5 g6 3.Bxf6 exf6 4.c4 Bg7 5.Nc3 O-O 6.g3 c5 7.d5 d6 8.e3 Nd7
9.Qd2 a6 10.h3 Re8 11.Rc1 Ne5 12.f4 Nd7 13.g4 f5 14.g5 h6 15.h4 h5 16.Bd3 Rb8
17.Nge2 Nf8 18.O-O Bd7 19.Kg2 b5 20.b3 Qb6 21.Rc2 Re7 22.Ng3 Rbe8 23.Re1 Qa5
24.Kf2 Bd4 25.Nf1 b4 26.Nd1 Qb6 27.Ng3 a5 28.Qc1 a4 29.Rce2 Bg7 30.Kg2 Qb7
31.Qc2 axb3 32.axb3 Ne6 33.Kh2 Nd8 34.Rf1 Qc8 35.Qc1 Nb7 36.Ra2 Qc7 37.Rff2 Na5
38.Qb1 Qb6 39.Rae2 Qc7 40.Bc2 Qc8 41.Rf1 Bd4 42.Rfe1 Bg7 43.Qa2 Qc7 44.Kg2 Qb7
45.Bb1 Ra8 46.Qc2 Rae8 47.Qd3 Qc7 48.Bc2 Qc8 49.Qd2 Nb7 50.Qc1 Na5 51.Rf1 Nb7
52.e4 fxe4 53.f5 Be5 54.Ne3 Bxg3 55.Kxg3 Bxf5 56.Rxf5 gxf5 57.Rf2 Re5 58.Qd1 Kg7
59.Qxh5 Rh8 60.Qe2 f6 61.Qf1 Kg6 62.Rxf5 fxg5 63.Rf6+ Kg7 64.Rf7+ Kg8 65.Qf6 gxh4+
66.Kf4 Rg5 67.Kxg5  1-0

[Event "10th Open"]
[Site "Bad Zwesten GER"]
[Date "2006.01.04"]
[Round "4"]
[White "Rubel,J"]
[Black "Kutschera,J"]
[Result "1-0"]
[WhiteElo "2103"]
[BlackElo "1871"]

1.d4 Nf6 2.Bg5 g6 3.Bxf6 exf6 4.e3 Bg7 5.c4 O-O 6.g3 d6 7.Bg2 c6 8.Ne2 Re8
9.Nf4 Bf5 10.Nc3 Bc8 11.O-O b6 12.b4 Bb7 13.b5 Qd7 14.bxc6 Bxc6 15.Ncd5 Na6
16.Qf3 Bxd5 17.Nxd5 f5 18.Qe2 Bxd4  1-0

[Event "12th Open A"]
[Site "Bosnjaci CRO"]
[Date "2006.01.04"]
[Round "2"]
[White "Vasic,B"]
[Black "Brkic,A"]
[Result "0-1"]
[WhiteElo "2223"]
[BlackElo "2500"]

1.d4 Nf6 2.Bg5 d5 3.Bxf6 exf6 4.e3 Bd6 5.c4 dxc4 6.Bxc4 O-O 7.Nc3 f5 8.g3 Nd7
9.Nf3 Nf6 10.Qb3 c6 11.a4 Qe7 12.O-O Ne4 13.Rfd1 Rb8 14.Qc2 Bd7 15.Bf1 Rbd8
16.Bg2 Rfe8 17.Qb3 Be6 18.d5 Nxc3 19.bxc3 Bxd5 20.c4 Be4 21.a5 Bc5 22.h4 h6
23.Ra2 Rxd1+ 24.Qxd1 Rd8 25.Qb3 Rd3 26.Qb2 Bxe3 27.fxe3 Bxf3 28.Bxf3 Qxe3+
29.Qf2 Qxf3 30.Qxf3 Rxf3 31.Kg2 Rb3 32.Rd2 g6 33.Rd8+ Kg7 34.Rb8 a6  0-1

[Event "XXXV Rilton Cup"]
[Site "Stockholm SWE"]
[Date "2006.01.05"]
[Round "9"]
[White "Fontaine,R"]
[Black "Khmelniker,I"]
[Result "1/2-1/2"]
[WhiteElo "2507"]
[BlackElo "2430"]

1.d4 Nf6 2.Bg5 c5 3.d5 Ne4 4.Bf4 Qb6 5.Nd2 Qxb2 6.Nxe4 Qb4+ 7.c3 Qxe4 8.e3 g5
9.Bg3 Bg7 10.Rc1 b5 11.Nf3 g4 12.Nh4 c4 13.Be2 d6 14.O-O h5 15.Qd2 Bb7 16.Rcd1 Nd7
17.f3 gxf3 18.gxf3 Qh7 19.Rb1 a6 20.a4 Nc5 21.axb5 Nb3 22.Qd1 axb5 23.Rxb3 cxb3
24.Bxb5+ Kf8 25.Bd3 Qh6 26.Nf5 Qg5 27.Kh1 h4 28.Bf4 Qf6 29.Qxb3 Ba6 30.Ra1 Kg8
31.Qb1 Bb7 32.Rxa8+ Bxa8 33.Qb8+ Bf8 34.Qxa8 Qxc3 35.Nxe7+ Kg7 36.Nf5+ Kg6
37.Nxh4+ Kh5 38.Bf1 Qe1 39.Kg2 Qxh4 40.Bg3 Qf6 41.Qc8 Kh6 42.Bd3 Qb2+ 43.Bc2 Be7
44.Qf5 Kg7 45.h4 Qc3 46.Qe4 Kf8 47.Kh3 Qd2 48.Bd3 Qd1 49.f4 Rg8 50.f5 Qg1
51.Bh2 Qf2 52.Bb5 Rg2 53.Qf4 Rxh2+ 54.Qxh2 Qxh4+ 55.Kg2 Qe4+ 56.Kg1 Qxe3+
57.Qf2 Qb3 58.Bc6 Bg5 59.Kg2 Qc3 60.Qf3 Qd2+ 61.Qf2 Qxf2+  1/2-1/2

[Event "14th Bieze"]
[Site "Arnhem NED"]
[Date "2006.01.07"]
[Round "4"]
[White "Polaczek,R"]
[Black "Dambacher,M"]
[Result "1/2-1/2"]
[WhiteElo "2431"]
[BlackElo "2401"]

1.d4 Nf6 2.Bg5 d5 3.Bxf6 exf6 4.e3 Bd6 5.Nd2 c6 6.Ne2 Nd7 7.c4 dxc4 8.Nxc4 Bc7
9.Nc3 O-O 10.Be2 f5 11.d5 cxd5 12.Nxd5 Nf6 13.Nxc7 Qxc7 14.Qd6 Qxd6 15.Nxd6 Be6
16.b3 b6 17.Bf3 Rad8 18.O-O-O Rd7 19.Nb5 a6 20.Rxd7 Bxd7 21.Nd4 Rc8+ 22.Kb2 Ng4
23.Bxg4 fxg4 24.Rc1 Rxc1 25.Kxc1 Kf8 26.Kd2 Ke7 27.Kc3 Kd6 28.b4 Kd5 29.Kd3 f6
30.e4+ Ke5 31.Ke3 Be8 32.f4+ gxf3 33.Nxf3+ Kd6 34.Kd4 Bc6 35.Nd2 Bb5 36.g3 Ke6
37.Nf3 Bc6 38.h4 h6 39.Ke3 Bd7 40.Kd4 g5 41.Nd2 Bb5 42.hxg5 fxg5 43.e5 h5
44.Ne4 Kf5 45.Nd6+ Ke6 46.Ne4 Kf5 47.Nd6+ Ke6 48.Ne4 Kf5 49.Nd6+ Ke6 50.Ne4 Kf5
51.Kd5 h4 52.gxh4 gxh4 53.Nd6+ Kg6  1/2-1/2

[Event "12th Open A"]
[Site "Bosnjaci CRO"]
[Date "2006.01.07"]
[Round "7"]
[White "Doric,D"]
[Black "Predojevic,B"]
[Result "1/2-1/2"]
[WhiteElo "2402"]
[BlackElo "2558"]

1.d4 Nf6 2.Bg5 d5 3.e3 c6 4.Nd2 g6 5.Bd3 Bg7 6.Ngf3 Qb6 7.Rb1 c5 8.dxc5 Qxc5
9.b4 Qc7 10.Bf4 Qd8 11.O-O O-O 12.c4 Nc6 13.Ne5 Nh5 14.Nxc6 bxc6 15.Bg5 Be6
16.Qc2 h6 17.Bh4 Rc8 18.Nb3 f5 19.g4 fxg4 20.Bxg6 Bf7 21.Bf5 Rc7 22.Bxg4 Qd6
23.c5 Qg6 24.Qxg6 Bxg6 25.Rbd1 e5 26.b5 Nf6 27.Be6+ Kh7 28.bxc6 Bh5 29.Rd2 Ne4
30.Rxd5 Rxc6 31.Bh3 Rg6+ 32.Bg3 Bf3 33.Bg2 Nxg3 34.hxg3 Bxd5 35.Bxd5 Rgf6
36.c6 Rc8 37.Rc1 Bf8 38.e4 Kg7 39.Rc2 Bd6 40.Nd2 Kf8 41.Nc4 Bc7 42.Ne3 Ke8
43.Kg2 Ke7 44.Nf5+ Ke8 45.Rc1 Rb8 46.Rh1 Rb2 47.Rxh6 Rxh6 48.Nxh6 Bb6 49.Ng4 Ke7
50.Nxe5 Rxf2+ 51.Kh3 Bc7 52.Ng6+ Kf6 53.Nh4 Kg5 54.Nf5 Rf3 55.Kg2 Rc3 56.Kf2 Kf6
57.g4 Kg5 58.Ke2 Kxg4 59.Nd4 Bb6 60.Nb5 Rc5 61.Nd6 Bc7 62.Nc4 Kf4 63.a4  1/2-1/2

[Event "TCh-BEL 2005-6"]
[Site "Belgium BEL"]
[Date "2006.01.08"]
[Round "6"]
[White "Groffen,H"]
[Black "De Jonghe,B"]
[Result "1/2-1/2"]
[WhiteElo "2210"]
[BlackElo "2261"]

1.d4 Nf6 2.Bg5 d5 3.Bxf6 exf6 4.e3 c6 5.Bd3 Bd6 6.Nd2 O-O 7.Ngf3 f5 8.g3 Be6
9.c3 Nd7 10.Qc2 g6 11.h4 Nf6 12.O-O-O Ne4 13.Nf1 Qa5 14.Kb1 b5 15.h5 Rab8
16.hxg6 fxg6 17.N1d2 b4 18.Nb3 Qa4 19.Bxe4 dxe4 20.d5 Bxd5 21.c4 exf3 22.cxd5 c5
23.Rh4 Qb5 24.Rdh1 Rf7 25.Nd2 Qe2 26.Nc4 Qxc2+ 27.Kxc2 Rd8 28.Rd1 Rfd7 29.e4 Be7  1/2-1/2

[Event "12th Open A"]
[Site "Bosnjaci CRO"]
[Date "2006.01.08"]
[Round "9"]
[White "Doric,D"]
[Black "Brkic,A"]
[Result "0-1"]
[WhiteElo "2402"]
[BlackElo "2500"]

1.d4 Nf6 2.Bg5 c5 3.Bxf6 gxf6 4.d5 Qb6 5.Qc1 f5 6.c4 Qb4+ 7.Nd2 Bg7 8.Rb1 d6
9.Qc2 Qa5 10.a3 e6 11.e3 Nd7 12.Nh3 Nf6 13.Bd3 Bd7 14.O-O Qc7 15.dxe6 fxe6
16.e4 fxe4 17.Nxe4 O-O-O 18.b4 Ng4 19.Nhg5 Rdf8 20.h3 Ne5 21.f4 Nc6 22.Kh1 Nd4
23.Qd2 h6 24.Nf3 Rf7 25.Ng3 Rhf8 26.Nxd4 Bxd4 27.Be4 b6 28.Ne2 e5 29.Bd5 Rf6
30.Rf3 Bc6 31.Bxc6 Qxc6 32.b5 Qe8 33.Rbf1 Qg6 34.Nxd4 cxd4 35.R3f2 Kd7 36.Qd1 Qf7
37.Qd3 Kc7 38.Qe4 Kb8 39.Qd3 Rc8 40.Rc1 d5 41.Rfc2 dxc4 42.Rxc4 Rxc4 43.Rxc4 Rxf4
44.Rc1 Rf2 45.Kg1 Rf6 46.Qe4 Qe7 47.Qg4 Rf8 48.Qe4 Rd8 49.Qd3 e4 50.Qg3+ Qd6
51.Qg4 e3 52.Rc6 Qd5 53.Qf4+ Ka8 54.Qg4 Kb7 55.Qg7+ Qd7 56.Qxh6 d3  0-1

[Event "13th I.Stepichev Mem"]
[Site "Kyiv UKR"]
[Date "2006.01.08"]
[Round "1"]
[White "Grinev,V"]
[Black "Golichenko,I"]
[Result "1/2-1/2"]
[WhiteElo "2258"]
[BlackElo "2277"]

1.d4 Nf6 2.Bg5 d5 3.Bxf6 exf6 4.Nf3 Bd6 5.e3 O-O 6.Bd3 Be6 7.Nbd2 Nd7 8.O-O c6
9.c4 dxc4 10.Bxc4 Bxc4 11.Nxc4 Nb6 12.Qb3 Nxc4 13.Qxc4 f5 14.Rfd1 Re8 15.b4 a6
16.a3 Qf6 17.Qd3 Rad8 18.Rab1 g6 19.Qc2 Qe7 20.g3 Qe6 21.Nd2 h5 22.Qc4 Qd7
23.a4 h4 24.b5 axb5 25.axb5 hxg3 26.hxg3 Kg7 27.bxc6 bxc6 28.Kg2 f4 29.exf4 Bxf4
30.Nf3 Re4 31.Qc3 Qf5 32.d5+ Be5 33.Nxe5 Qxe5 34.Qxe5+ Rxe5 35.dxc6 Rxd1
36.Rxd1 Rc5 37.Rd6 Kf8 38.Kf3 Ke7 39.Rd7+ Ke6 40.Rc7 Rf5+ 41.Ke3 Kd6 42.Rc8 Rc5
43.g4 Rxc6 44.Rxc6+ Kxc6 45.Ke4  1/2-1/2

[Event "Petrovskaya Ladya IM"]
[Site "Peterhof RUS"]
[Date "2006.01.10"]
[Round "10"]
[White "Eliseev,Alexe"]
[Black "Kaliberda,V"]
[Result "0-1"]
[WhiteElo "2421"]
[BlackElo "2399"]

1.d4 Nf6 2.Bg5 c5 3.Nc3 Qb6 4.dxc5 Qxb2 5.Bxf6 gxf6 6.Nd5 e6 7.Rb1 Qe5 8.Nb4 Qxc5
9.Qd2 Nc6 10.c3 f5 11.e3 Bg7 12.Ne2 Ne5 13.Nd4 a6 14.a4 b6 15.Nd3 Nxd3+ 16.Bxd3 Bf6
17.O-O Rg8 18.f3 Bb7 19.Qb2 Bd8 20.Rf2 Rc8 21.Rc1 Qe5 22.Qd2 Qa5 23.Qe1 h5
24.c4 Qc5 25.Nb3 Qd6 26.Bf1 Qa3 27.Qc3 Bh4 28.g3 Be7 29.Nd4 h4 30.Rg2 Qxc3
31.Rxc3 hxg3 32.Rxg3 Rxg3+ 33.hxg3 Bc5 34.f4 Ke7 35.Kf2 Rh8 36.Nf3 Bc6 37.Rc1 a5
38.Ra1 Rh1 39.Kg2 Rh8 40.Kf2 Rh1 41.Kg2 Bxf3+ 42.Kxf3 Rh2 43.Bg2 Bxe3 44.Kxe3 Rxg2
45.Rb1 Ra2 46.Rxb6 Rxa4 47.Ra6 d6 48.Ra7+ Kf6 49.Rd7 Ra3+ 50.Kf2 Rc3 51.Rxd6 Rxc4
52.Ra6 Rc2+ 53.Ke3 Ra2 54.Ra7 a4 55.Kf3 Ra1 56.Kg2 a3 57.Rc7 a2 58.Rc2 Kg6
59.Rd2 Kh5 60.Re2 Kg4 61.Rd2 Rg1+  0-1

[Event "TCh-CZE Extraliga 2005-6"]
[Site "Czech Rep CZE"]
[Date "2006.01.14"]
[Round "7"]
[White "Cech,P"]
[Black "Simacek,P"]
[Result "0-1"]
[WhiteElo "2420"]
[BlackElo "2480"]

1.d4 Nf6 2.Bg5 g6 3.Bxf6 exf6 4.g3 Bg7 5.Bg2 O-O 6.e3 d5 7.Ne2 c6 8.O-O Re8
9.Nd2 Nd7 10.c4 dxc4 11.Nxc4 Nb6 12.Nxb6 Qxb6 13.Qd2 Bf5 14.Nc3 Rad8 15.Rac1 Bf8
16.Rfd1 Bg4 17.Re1 Qa5 18.Qc2 Kg7 19.a3 Qh5 20.Na4 Bf3 21.Nc5 Bxc5 22.Qxc5 Qxc5
23.Rxc5 Bxg2 24.Kxg2 Rxd4 25.Rec1 Rd2 26.R1c2 Red8 27.R5c4 f5 28.h4 h5 29.Kf1 Kf6
30.Ke1 Rxc2 31.Rxc2 Rd5 32.Ke2 Ke5 33.Kf3 c5 34.a4 b6 35.Ke2 a6 36.Rc3 Kd6
37.Rb3 Kc6 38.Rc3 Rd7 39.Rc1 b5 40.axb5+ axb5 41.Rc2 c4 42.b3 Kc5 43.bxc4 bxc4
44.Rb2 c3 45.Rb8 Kc4 46.Rc8+ Kb3 47.Rb8+ Ka2 48.Ra8+ Kb2 49.Rb8+ Kc1 50.Rc8 Rd2+
51.Ke1 c2 52.Rb8 Rd3 53.Ke2 Ra3 54.Rb7 Ra2  0-1

[Event "13th I.Stepichev Mem"]
[Site "Kyiv UKR"]
[Date "2006.01.14"]
[Round "7"]
[White "Grinev,V"]
[Black "Kernazhitsky,L"]
[Result "0-1"]
[WhiteElo "2258"]
[BlackElo "2355"]

1.d4 d5 2.Bg5 Nf6 3.Bxf6 exf6 4.e3 c6 5.Bd3 Bd6 6.Ne2 Bg4 7.O-O Qc7 8.h3 Be6
9.Nd2 O-O 10.c4 dxc4 11.Nxc4 Bxc4 12.Bxc4 f5 13.Qd3 g6 14.f3 c5 15.Rac1 Nc6
16.a3 Rad8 17.Qb3 cxd4 18.exd4 Nxd4 19.Nxd4 Bc5 20.Kh1 Rxd4 21.Qc3 Bb6 22.Bb3 Qf4
23.Rfe1 Rd7 24.Qe5 Qxe5 25.Rxe5 Rd2 26.Rb1 Bd4 27.Re7 b5 28.Rd1 Rxd1+ 29.Bxd1 f4
30.Bb3 h5 31.h4 a6 32.Re4 Bf2 33.Rxf4 Bg3 34.Rd4 Re8 35.Rd1 Re2 36.Rb1 Be5
37.a4 Bxb2 38.axb5 axb5 39.g3 Kg7 40.Rd1 Re3 41.Bd5 b4 42.Kg1 Be5 43.Kf2 Rc3
44.Rb1 Bd6 45.f4 Bc5+ 46.Kg2 f5 47.Rb3 Rc2+ 48.Kf1 Rd2 49.Bc4 Kf6 50.Ke1 Rc2
51.Bd5 Bd4 52.Kd1 Rc5 53.Bg8 Bc3 54.Ke2 Rc8 55.Bd5 Rd8 56.Bc4 Rd2+ 57.Ke3 Rd1
58.Ke2 Re1+ 59.Kf2 Ra1 60.Ke2 Ke7 61.Kf3 Kf6 62.Ke2 Rg1 63.Kf2 Bd4+ 64.Ke2 Rg2+
65.Ke1 Bc3+ 66.Kf1 Rxg3 67.Rb1 Rf3+  0-1

[Event "Open A"]
[Site "Prague CZE"]
[Date "2006.01.14"]
[Round "2"]
[White "Splichal,P"]
[Black "Skjoldborg,J DEN"]
[Result "1/2-1/2"]
[WhiteElo "2010"]
[BlackElo "2279"]

1.d4 Nf6 2.Bg5 c5 3.Bxf6 gxf6 4.d5 Qb6 5.Qc1 Bg7 6.Nd2 e6 7.e4 O-O 8.Bd3 f5
9.Nc4 Qc7 10.a4 fxe4 11.Bxe4 exd5 12.Bxd5 Re8+ 13.Ne2 Nc6 14.c3 b6 15.Qd2 Bb7
16.O-O Ne5 17.Ng3 Nxc4 18.Bxc4  1/2-1/2

[Event "Corus C"]
[Site "Wijk aan Zee NED"]
[Date "2006.01.14"]
[Round "1"]
[White "Marcelin,C"]
[Black "Van der Weide,K"]
[Result "1/2-1/2"]
[WhiteElo "2441"]
[BlackElo "2466"]

1.d4 Nf6 2.Bg5 d5 3.e3 Nbd7 4.Nf3 c6 5.c4 Ne4 6.cxd5 cxd5 7.Nc3 Nxg5 8.Nxg5 e6
9.Nf3 Bd6 10.Bd3 Nf6 11.Qb3 a6 12.O-O O-O 13.Rac1 b5 14.h3 Qe7 15.Ne5 Bb7
16.a4 b4  1/2-1/2

[Event "Open"]
[Site "Zagreb CRO"]
[Date "2006.01.14"]
[Round "1"]
[White "Sedlak,N"]
[Black "Grobelsek,A"]
[Result "1-0"]
[WhiteElo "2512"]
[BlackElo "2079"]

1.d4 Nf6 2.Bg5 g6 3.Bxf6 exf6 4.c4 Bg7 5.Nc3 O-O 6.g3 d6 7.Bg2 Nc6 8.e3 Re8
9.Nge2 Bg4 10.O-O Bxe2 11.Nxe2 f5 12.b4 Ne7 13.b5 Rb8 14.Qa4 a6 15.bxa6 bxa6
16.Qxa6 Rb2 17.Nc3 Rb6 18.Qa3 Qd7 19.c5 dxc5 20.Qxc5 Reb8 21.a4 Bf8 22.a5 Nc8
23.Qd5 Rd6 24.Qc4 c6 25.Na4 Qc7 26.Nc5 Ra8 27.Rfb1 Rxa5 28.Rxa5 Qxa5 29.Nb7  1-0

[Event "Classic"]
[Site "Queenstown NZL"]
[Date "2006.01.17"]
[Round "3"]
[White "Wilkins,M"]
[Black "Jones,B"]
[Result "0-1"]
[WhiteElo "2245"]
[BlackElo "2154"]

1.d4 Nf6 2.Bg5 c5 3.Bxf6 exf6 4.d5 d6 5.c4 f5 6.Nc3 Be7 7.e3 Bf6 8.Bd3 O-O
9.Qc2 g6 10.Nf3 Na6 11.a3 Nc7 12.h4 h5 13.O-O-O Rb8 14.e4 fxe4 15.Nxe4 Bg7
16.Rde1 b5 17.b3 bxc4 18.Bxc4 Nb5 19.Qa2 Bf5 20.Bxb5 Rxb5 21.Nfd2 Qb8 22.Ng3 Bd3
23.Rh3 c4 24.b4 Rxd5 25.Nge4 Rd4 26.Kd1 d5 27.Rxd3 cxd3 28.Nc5 Re8 29.Rxe8+ Qxe8
30.Nf3 d2 31.Nb3 Rxh4 32.Nbxd2 Rh1+ 33.Kc2 Qc8+ 34.Kd3 Qa6+ 35.Kc2 Qc6+ 36.Kb3 Ra1  0-1

[Event "Open A"]
[Site "Prague CZE"]
[Date "2006.01.18"]
[Round "7"]
[White "Meduna,E"]
[Black "Neelotpal,D"]
[Result "1/2-1/2"]
[WhiteElo "2460"]
[BlackElo "2509"]

1.d4 Nf6 2.Bg5 d5 3.Bxf6 exf6 4.e3 Bd6 5.c4 dxc4 6.Bxc4 O-O 7.Nc3 c6 8.Qf3 Be6
9.Bxe6 fxe6 10.Nge2 Nd7 11.O-O f5 12.e4 fxe4 13.Qxe4 Qe7 14.Rae1 Nf6 15.Qh4 Rad8
16.Nf4 Bxf4 17.Qxf4 Qb4 18.Rxe6 Qxb2 19.Qe3 Qb4 20.Rb1 Qxd4 21.Rxb7 Qxe3
22.Rxe3 Rf7 23.Rb1 Rfd7  1/2-1/2

[Event "FINEC WGM"]
[Site "St Petersburg RUS"]
[Date "2006.01.18"]
[Round "2"]
[White "Eidelson,R"]
[Black "Gromova,I"]
[Result "1-0"]
[WhiteElo "2211"]
[BlackElo "2198"]

1.d4 Nf6 2.Bg5 d5 3.Bxf6 exf6 4.e3 Bd6 5.g3 c6 6.Bg2 Qb6 7.b3 Bf5 8.Ne2 Na6
9.c3 O-O 10.O-O Rad8 11.Nd2 Bb8 12.Re1 Nc7 13.c4 dxc4 14.bxc4 Qb4 15.c5 Na6
16.a3 Qa5 17.Nc4 Qc7 18.Nd6 Be6 19.Qa4 Qe7 20.Ne4 Nc7 21.Nf4 Bg4 22.h3 Be6
23.Nxe6 Nxe6 24.Rab1 f5 25.Nc3 Rd7 26.Qc4 Rc8 27.Red1 Qg5 28.Ne2 Rcd8 29.Rb3 h5
30.h4 Qe7 31.Rdb1 f4 32.gxf4 Re8 33.Ng3 Nd8 34.Rd3 Qxh4 35.d5 cxd5 36.Rxd5 Rxd5
37.Qxd5 g6 38.Ne4 Qe7 39.Qd4 Ne6 40.Qc3  1-0

[Event "Classic"]
[Site "Queenstown NZL"]
[Date "2006.01.20"]
[Round "6"]
[White "Humphrey,J"]
[Black "Stojic,D"]
[Result "0-1"]
[WhiteElo "2254"]
[BlackElo "2051"]

1.d4 Nf6 2.Bg5 c5 3.d5 Ne4 4.Bf4 Qb6 5.Bc1 e6 6.f3 Qa5+ 7.c3 Nf6 8.e4 d6
9.Bf4 exd5 10.exd5 Be7 11.Qd2 O-O 12.c4 Qxd2+ 13.Kxd2 b5 14.Nc3 Nh5 15.Be3 b4
16.Nd1 f5 17.f4 a5 18.a4 h6 19.Bd3 g5 20.g3 Ra7 21.Ne2 Bf6 22.Nc1 Rg7 23.Nb3 gxf4
24.gxf4 Rg2+ 25.Be2 Re8 26.Nf2 Nxf4 27.Bf3 Bxb2 28.Rag1 Bc3+ 29.Kd1 Rxe3
30.Bxg2 Kf7 31.Nc1 Bd7  0-1

[Event "Winter Open"]
[Site "Belgrade SCG"]
[Date "2006.01.21"]
[Round "1"]
[White "Irizanin,R"]
[Black "Andrejevic,Mila"]
[Result "1-0"]
[WhiteElo "2260"]
[BlackElo "1998"]

1.d4 Nf6 2.Bg5 g6 3.Bxf6 exf6 4.e3 d5 5.c4 Bf5 6.Nc3 Bb4 7.Qb3 Bxc3+ 8.bxc3 b6
9.cxd5 O-O 10.Nf3 Be4 11.c4 c6 12.dxc6 Nxc6 13.Be2 Rc8 14.Rc1 Na5 15.Qb4 g5
16.O-O f5 17.Nd2 Re8 18.Nxe4 fxe4 19.c5 bxc5 20.Rxc5 Rxc5 21.Qxc5 Re6 22.Qxa7 Qd5
23.Bh5 Rh6 24.Bxf7+ Qxf7 25.Qxa5 g4 26.Rc1 Qb7 27.Qd8+  1-0

[Event "Winter Open"]
[Site "Belgrade SCG"]
[Date "2006.01.21"]
[Round "1"]
[White "Nedeljkovic,R"]
[Black "Cetkovic,B"]
[Result "1/2-1/2"]
[WhiteElo "1898"]
[BlackElo "2236"]

1.d4 Nf6 2.Bg5 g6 3.Bxf6 exf6 4.e3 f5 5.Qf3 Bg7 6.Nd2 O-O 7.Bd3 d6 8.Ne2 Nd7
9.h4 h5 10.Nf4 Nf6 11.Bc4 Kh7 12.O-O-O c6 13.Bd3 d5 14.Qg3 Ne4 15.Qf3 b5
16.Nf1 Rb8 17.Ng3 Qa5 18.Nfxh5 Qxa2 19.Bxe4 dxe4 20.Qf4 Qa1+ 21.Kd2 Qa5+
22.Kc1 Qa1+ 23.Kd2 Qa5+ 24.Kc1 Qa1+  1/2-1/2